Left to Right Word Ladder - Statistics

General Stats
  • This quiz has been taken 428 times
    386 since last reset
  • The average score is 19 of 23
Answer Stats
Hint Modify Answer % Correct
No man gets ____ behind Left
99%
To allow - Let
94%
Tool used for catching Net
93%
Music genre; notable artists include Kanye West and Eminem Rap
89%
A cloth used for cleaning Rag
87%
To constantly tell someone to do something Nag
85%
To be correct Right
85%
Device used for luring and capturing, mostly on animals + Trap
85%
To stumble Trip
85%
Not old New
83%
Near Nigh
83%
The moon and stars come out during this period of time + Night
83%
A noun is a person, place or... Thing
82%
To be a great distance off the ground + High
81%
Triangle subject in math class, informal Trig
80%
A small stick Twig
79%
A clue Hint
78%
To strike something forcefully - Hit
78%
How someone might say ‘no’ with an accent Naw
77%
A sharp ringing sound - Ting
76%
Colour Tint
71%
Previously Australia's second largest insurance company before ceasing operations in 2001 H.I.H.
65%
Internet forum search engine + Twing
65%
No matching quizzes found
Score Distribution
Percent of People with Each Score
Percentile by Number Answered
Your Score History
You have not taken this quiz since the last reset